000 00789nam a22002297a 4500
999 _c22367
_d22367
003 AR-CdUCM
008 190425b ||||| |||| 00| 0 spa d
040 _aMUNICIPALIDAD PROVINCIAL DEL CUSCO
_cBIBLIOTECA MUNICIPAL DEL CUSCO
082 _aAmbulante/N°1/2021
245 _aAmbulante.pe :
_brevista cultural /
260 _aCusco.
_bAmbulante,
_c2021.
300 _a19 páginas. :
_bilustraciones ;
_c31 cm.
440 _aAmbulante.pe.
_nN°1,2021.
_947941
505 _aContenido: Relato literario. -- Poesía. -- Mujeres en la historia del Perú. ...
650 _aPolítica cusqueña
_947381
650 _aCultura andina
_947570
650 _aSociedad cusqueña
_947493
650 _aSiglo XXI
_947942
700 _aVera Otazú, Lissette
_947943
942 _2ddc
_cPP
945 _arac